| 000 | 00797 a2200253 4500 | ||
|---|---|---|---|
| 003 | CBULib | ||
| 005 | 20231115071822.0 | ||
| 008 | 231016b |||||||| |||| 00| 0 eng d | ||
| 020 | _a9781457183867 | ||
| 040 |
_bEnglish _cCBULib _erda |
||
| 050 | _aQA 76.592 | ||
| 100 | _aMaker Media, Inc. (Publisher) | ||
| 245 |
_aMake : volume 43, wearables _c/ by Maker Media, Inc. |
||
| 260 |
_bMaker Media, Inc. _c2015 _aSebastopol : |
||
| 300 | _a 112 pages : color illustrations | ||
| 336 |
_2rdacontent _aText | _btxt |
||
| 337 |
_2rdamedia _aUnmediated | _bn |
||
| 338 |
_2rdacarrier _aVolume _bnc |
||
| 490 | _a Make | ||
| 650 | 0 |
_9868 _aWEARABLE COMPUTERS |
|
| 650 | 0 |
_9869 _aMICROCONTROLLERS |
|
| 650 | 0 |
_9870 _aELECTRONIC APPARATUS AND APPLIANCES--DESIGN AND CONSTRUCTION |
|
| 942 |
_2lcc _c002 |
||
| 999 |
_c82973 _d82973 |
||